00395 2200157 4500001002100000005001700021035002500038090002000063100001800083245003600101260002700137300002700164650001800191850001200209990001600221YOGYA00000000002629320150302133739.0 a0010-081400000026011 aT 664.754 YUS C aHidayat, Koko aCrescent CookiescHidayat, Koko aJakartabjakartac2007 a36 hlm.bilus.c21 cm. aPembuatan kue aYOPDYOG a721-PD/P.08